[Event "3. Torneo Ciudad de Huesca"]
[Site "Huesca ESP"]
[Date "2010.09.11"]
[Round "1.1"]
[White "Fontana Sotomayor, Luis Javier"]
[Black "Belenguer Randet, Jesus"]
[Result "1-0"]
[WhiteElo "2364"]
[BlackElo "1770"]
[PlyCount "71"]
[EventDate "2010.09.11"]
[EventType "swiss"]
[EventRounds "6"]
[EventCountry "ESP"]
[Source "lmi"]
[SourceDate "2010.09.11"]

1. d4 d5 2. Nf3 c6 3. c4 g6 4. Nc3 Bg7 5. Bf4 Bf5 6. cxd5 cxd5 7. Qb3 Qd7 8.
Qxd5 e6 9. Qxd7+ Kxd7 10. e4 Bg4 11. Ne5+ Bxe5 12. Bxe5 f6 13. Bxb8 Rxb8 14. f3
h5 15. fxg4 hxg4 16. Bb5+ Ke7 17. O-O a6 18. Be2 Nh6 19. Rad1 f5 20. e5 Nf7 21.
Na4 Rhc8 22. Rc1 Nd8 23. Kf2 Nc6 24. Ke3 Rd8 25. Rc4 Rd5 26. Rd1 Rbd8 27. Nb6
Rb5 28. Rxc6 bxc6 29. Bxb5 axb5 30. Rc1 Rh8 31. Rxc6 Rxh2 32. d5 exd5 33. Nxd5+
Kd7 34. Rd6+ Ke8 35. e6 Rxg2 36. e7 1-0

[Event "3. Torneo Ciudad de Huesca"]
[Site "Huesca ESP"]
[Date "2010.09.11"]
[Round "1.2"]
[White "Salas Calvo, Alberto"]
[Black "Romon Poves, Raul"]
[Result "0-1"]
[WhiteElo "1757"]
[BlackElo "2280"]
[PlyCount "104"]
[EventDate "2010.09.11"]
[EventType "swiss"]
[EventRounds "6"]
[EventCountry "ESP"]
[Source "lmi"]
[SourceDate "2010.09.11"]

1. d4 Nf6 2. Bg5 Ne4 3. Bf4 c5 4. f3 Qa5+ 5. c3 Nf6 6. Nd2 cxd4 7. Nb3 Qb6 8.
Qxd4 Nc6 9. Qxb6 axb6 10. e4 d5 11. exd5 Nxd5 12. Ne2 e5 13. Bg3 Ne3 14. Kd2
Nc4+ 15. Kc1 Be6 16. Bf2 Be7 17. Ng3 O-O 18. Kc2 b5 19. Nc5 Bc8 20. Bd3 b6 21.
Be4 Bxc5 22. Bxc5 bxc5 23. Bxc6 Rb8 24. Rhe1 Rd8 25. Nf1 Be6 26. Rad1 b4 27.
Rxd8+ Rxd8 28. Bb5 Nd6 29. Ba4 Ra8 30. b3 f6 31. cxb4 cxb4 32. Nd2 Nc8 33. Kb2
Nb6 34. Bb5 Rd8 35. Ne4 Kf7 36. Rc1 Bf5 37. Rc7+ Kg6 38. Kc1 Nd5 39. Ra7 Ne3
40. g3 Rd1+ 41. Kb2 Bxe4 42. fxe4 Rd2+ 43. Kb1 Nc2 44. Kc1 Rxh2 45. Be8+ Kh6
46. g4 Na3 47. Rb7 Rxa2 48. Rxb4 Rc2+ 49. Kd1 Rc8 50. Ba4 Nc2 51. Bd7 Rc7 52.
Be6 Nxb4 0-1

[Event "3. Torneo Ciudad de Huesca"]
[Site "Huesca ESP"]
[Date "2010.09.11"]
[Round "1.3"]
[White "Lana Rodriguez, David"]
[Black "Uldemolins Nivela, Mateo"]
[Result "1-0"]
[WhiteElo "2230"]
[BlackElo "1750"]
[PlyCount "81"]
[EventDate "2010.09.11"]
[EventType "swiss"]
[EventRounds "6"]
[EventCountry "ESP"]
[Source "lmi"]
[SourceDate "2010.09.11"]

1. e4 e5 2. Nf3 Nc6 3. Bb5 d6 4. O-O Nf6 5. Re1 Be7 6. c3 O-O 7. d4 Bd7 8. Na3
a6 9. Ba4 b5 10. Bb3 Bg4 11. Nc2 h6 12. h3 Bh5 13. d5 Nb8 14. a4 c6 15. axb5
cxb5 16. Nb4 a5 17. Qd3 Qb6 18. Nh4 Bg6 19. Nxg6 fxg6 20. Be3 Qb7 21. Nc6 Kh7
22. Nxe7 Qxe7 23. Qxb5 Nxe4 24. Rxa5 Rxa5 25. Qxa5 Qf7 26. Qa7 Qf5 27. Bc2 Nd7
28. Bxe4 Qxe4 29. Qxd7 Qxd5 30. Qg4 Rb8 31. Rd1 Qc6 32. Qe6 Rxb2 33. Rxd6 Qe4
34. Rd8 g5 35. Qd5 Qf5 36. Qg8+ Kg6 37. Rd6+ Kh5 38. g4+ Kh4 39. gxf5 Kxh3 40.
Rd3 e4 41. Rd1 1-0

[Event "3. Torneo Ciudad de Huesca"]
[Site "Huesca ESP"]
[Date "2010.09.11"]
[Round "1.4"]
[White "Viñuales Satue, Jose Antonio"]
[Black "Cerrajeria Ruiz, Jesus Maria"]
[Result "0-1"]
[WhiteElo "1637"]
[BlackElo "2161"]
[PlyCount "63"]
[EventDate "2010.09.11"]
[EventType "swiss"]
[EventRounds "6"]
[EventCountry "ESP"]
[Source "lmi"]
[SourceDate "2010.09.11"]

1. d4 Nf6 2. Nf3 g6 3. Bg5 Ne4 4. Bf4 d6 5. Nbd2 Bf5 6. e3 Nxd2 7. Qxd2 Bg7 8.
Bc4 O-O 9. O-O c5 10. c3 Nd7 11. Rfe1 Nf6 12. h3 Rc8 13. dxc5 Rxc5 14. Bb3 Ne4
15. Qe2 Qd7 16. Nd2 Nxd2 17. Qxd2 Rfc8 18. e4 Be6 19. Bxe6 Qxe6 20. Re3 Be5 21.
Bxe5 Rxe5 22. f3 Rec5 23. a3 Qb3 24. Re2 a5 25. Qc2 Qb6 26. Kh1 Rb5 27. Rb1 Rb3
28. Rd1 f6 29. Rdd2 Kf7 30. Qd3 Rc5 31. Qd4 h5 32. f4 0-1

[Event "3. Torneo Ciudad de Huesca"]
[Site "Huesca ESP"]
[Date "2010.09.12"]
[Round "2.1"]
[White "Gonzalez Gambau, Jorge"]
[Black "Fontana Sotomayor, Luis Javier"]
[Result "0-1"]
[WhiteElo "2068"]
[BlackElo "2364"]
[PlyCount "110"]
[EventDate "2010.09.11"]
[EventType "swiss"]
[EventRounds "6"]
[EventCountry "ESP"]
[Source "lmi"]
[SourceDate "2010.09.11"]

1. e4 d6 2. d4 Nf6 3. Nc3 e5 4. Nf3 Nbd7 5. Bc4 Be7 6. O-O O-O 7. Bg5 a6 8. a4
b6 9. Qe2 c6 10. Rfd1 Qc7 11. Ba2 Rb8 12. d5 c5 13. Nh4 g6 14. Rf1 Qd8 15. Bc4
Ne8 16. Bxe7 Qxe7 17. Qg4 Kh8 18. f4 exf4 19. Qxf4 Ne5 20. Qh6 Kg8 21. Be2 f6
22. h3 Nc7 23. Nf3 Bd7 24. Nxe5 Qxe5 25. Rf4 Rf7 26. Raf1 Rbf8 27. Bg4 Bxg4 28.
Rxg4 b5 29. Ne2 Ne8 30. Nf4 Ng7 31. Rh4 Nh5 32. Nxh5 gxh5 33. Qxh5 Qxb2 34.
Qg4+ Kh8 35. axb5 axb5 36. Qh5 b4 37. Rf5 Rg7 38. Qh6 b3 39. Rg4 Rxg4 40. hxg4
Rf7 41. cxb3 Qd4+ 42. Kh2 Qxe4 43. Qh4 Kg7 44. Qf2 h6 45. Kh3 Qd3+ 46. Qg3
Qxg3+ 47. Kxg3 Rb7 48. Rf3 Rb4 49. Rd3 Kg6 50. Kf3 Kg5 51. Re3 Rf4+ 52. Ke2 Rd4
53. Rh3 Rxg4 54. Kf3 h5 55. Rh1 Rd4 0-1

[Event "3. Torneo Ciudad de Huesca"]
[Site "Huesca ESP"]
[Date "2010.09.12"]
[Round "2.2"]
[White "Romon Poves, Raul"]
[Black "Maza Broto, Pablo"]
[Result "1-0"]
[WhiteElo "2280"]
[BlackElo "2047"]
[PlyCount "67"]
[EventDate "2010.09.11"]
[EventType "swiss"]
[EventRounds "6"]
[EventCountry "ESP"]
[Source "lmi"]
[SourceDate "2010.09.11"]

1. e4 c5 2. Nf3 d6 3. d4 cxd4 4. Nxd4 e5 5. Bb5+ Bd7 6. Bxd7+ Qxd7 7. Ne2 Nc6
8. Nbc3 Nge7 9. Nd5 Nxd5 10. exd5 Ne7 11. O-O g6 12. b3 Bg7 13. Bb2 O-O 14. a4
f5 15. f4 g5 16. fxe5 dxe5 17. d6 Ng6 18. Qd5+ Kh8 19. c4 f4 20. Kh1 g4 21. Nc3
Rf5 22. Nb5 Rh5 23. Kg1 g3 24. h3 Rf8 25. Nc7 Rf6 26. c5 Rxh3 27. gxh3 Qxh3 28.
Qh1 Qg4 29. Rad1 Rf7 30. Qd5 Qh3 31. Rd2 f3 32. Rxf3 Rxf3 33. Qxf3 Nh4 34. Qf7
1-0

[Event "3. Torneo Ciudad de Huesca"]
[Site "Huesca ESP"]
[Date "2010.09.12"]
[Round "2.3"]
[White "Perez Puyal, Jose Joaquin"]
[Black "Lana Rodriguez, David"]
[Result "0-1"]
[WhiteElo "1955"]
[BlackElo "2230"]
[PlyCount "96"]
[EventDate "2010.09.11"]
[EventType "swiss"]
[EventRounds "6"]
[EventCountry "ESP"]
[Source "lmi"]
[SourceDate "2010.09.11"]

1. e4 e5 2. d4 exd4 3. Qxd4 Nc6 4. Qe3 Nf6 5. Bd2 Bb4 6. Nc3 O-O 7. O-O-O Re8
8. Bc4 Ne5 9. Bb3 d6 10. f3 a5 11. a3 Bc5 12. Qe1 Bd7 13. Bg5 h6 14. Bh4 Ng6
15. Bf2 Bxf2 16. Qxf2 a4 17. Bc4 Qb8 18. Nd5 Nxd5 19. Bxd5 Nf4 20. Ne2 Nxd5 21.
Rxd5 Be6 22. Rd4 b5 23. Rhd1 Qb6 24. Nf4 b4 25. Qe3 bxa3 26. Qxa3 Reb8 27. Nxe6
fxe6 28. c3 e5 29. Rb4 Qe3+ 30. Kc2 Kh7 31. Rd3 Qg1 32. Rd2 Rxb4 33. Qxb4 Qa1
34. Rd1 Qa2 35. Qa3 Qc4 36. Rd3 Rb8 37. Qa1 Rb3 38. Rd2 a3 39. bxa3 Qa4 40. Kd3
Rxa3 41. Qb2 Rb3 42. Qc2 Qb5+ 43. Ke3 Qc4 44. Rd3 Ra3 45. Qb2 Ra2 46. Qb4 Qa6
47. Qb8 Rxg2 48. Qxc7 Qa2 0-1

[Event "3. Torneo Ciudad de Huesca"]
[Site "Huesca ESP"]
[Date "2010.09.12"]
[Round "2.4"]
[White "Cerrajeria Ruiz, Jesus Maria"]
[Black "Bellosta Lopez, Pablo"]
[Result "1-0"]
[WhiteElo "2161"]
[BlackElo "1943"]
[PlyCount "75"]
[EventDate "2010.09.11"]
[EventType "swiss"]
[EventRounds "6"]
[EventCountry "ESP"]
[Source "lmi"]
[SourceDate "2010.09.11"]

1. e4 c5 2. Nc3 d6 3. Bc4 Nf6 4. f4 Nc6 5. Nf3 g6 6. O-O Bg4 7. h3 Bxf3 8. Qxf3
Nd4 9. Qf2 e6 10. f5 gxf5 11. d3 Rg8 12. Be3 Bg7 13. Rae1 Nd7 14. exf5 Nxf5 15.
Qxf5 exf5 16. Bg5+ Ne5 17. Bxd8 Kxd8 18. Bd5 Re8 19. Re2 Re7 20. Rxf5 a6 21.
Be4 Nc6 22. Rg5 Bd4+ 23. Kf1 Bxc3 24. Rg8+ Kc7 25. Rxa8 Bxb2 26. Bxc6 Rxe2 27.
Kxe2 Kxc6 28. Rf8 Bc1 29. Rxf7 h6 30. h4 a5 31. c3 b5 32. Kd1 Be3 33. Rf1 d5
34. Rf6+ Kd7 35. Ke2 d4 36. Rb6 Bf4 37. cxd4 cxd4 38. Rxb5 1-0

[Event "3. Torneo Ciudad de Huesca"]
[Site "Huesca ESP"]
[Date "2010.09.12"]
[Round "2.5"]
[White "Iglesias Fernandez, Luis"]
[Black "Salamero Pelay, Fernando J"]
[Result "0-1"]
[WhiteElo "1834"]
[BlackElo "2135"]
[PlyCount "83"]
[EventDate "2010.09.11"]
[EventType "swiss"]
[EventRounds "6"]
[EventCountry "ESP"]
[Source "lmi"]
[SourceDate "2010.09.11"]

1. e4 g6 2. d4 Bg7 3. Nc3 d6 4. Be3 a6 5. Be2 b5 6. a3 Bb7 7. Nf3 Nf6 8. e5 Nd5
9. Nxd5 Bxd5 10. c4 bxc4 11. Rc1 Nd7 12. exd6 cxd6 13. Bxc4 O-O 14. Bxd5 Qa5+
15. Qd2 Qxd5 16. O-O Nb6 17. Bh6 Qb5 18. Bxg7 Kxg7 19. Qg5 Qxg5 20. Nxg5 Rfc8
21. Ne4 Rc4 22. Rfd1 Rac8 23. Rxc4 Rxc4 24. Nc3 d5 25. g3 e6 26. Kg2 Rc6 27.
Re1 Nc4 28. Na4 Nd6 29. Rd1 Rc2 30. Kg1 Nc4 31. Rb1 a5 32. h4 h5 33. Kg2 Kf6
34. Kg1 Kf5 35. b4 Nxa3 36. Rb3 axb4 37. Rf3+ Ke4 38. Rf4+ Kd3 39. Nc5+ Kc4 40.
Rxf7 e5 41. Rc7 Kxd4 42. Nb3+ 0-1

[Event "3. Torneo Ciudad de Huesca"]
[Site "Huesca ESP"]
[Date "2010.09.19"]
[Round "3.1"]
[White "Fontana Sotomayor, Luis Javier"]
[Black "Cerrajeria Ruiz, Jesus Maria"]
[Result "1-0"]
[WhiteElo "2364"]
[BlackElo "2161"]
[PlyCount "101"]
[EventDate "2010.09.11"]
[EventType "swiss"]
[EventRounds "6"]
[EventCountry "ESP"]
[Source "lmi"]
[SourceDate "2010.09.11"]

1. e4 e6 2. Nf3 d5 3. Nc3 Nf6 4. e5 d4 5. exf6 dxc3 6. fxg7 cxd2+ 7. Qxd2 Qxd2+
8. Bxd2 Bxg7 9. O-O-O Bd7 10. Bf4 c5 11. Bd6 b6 12. Ne5 Bxe5 13. Bxe5 Rg8 14.
Bd3 Bc6 15. Bxh7 Rxg2 16. Rhe1 Nd7 17. Bg3 O-O-O 18. Bd3 b5 19. Bf1 Rg1 20.
Bxb5 Rxe1 21. Ba6+ Bb7 22. Bxb7+ Kxb7 23. Rxe1 Re8 24. c4 e5 25. Rd1 Kc6 26.
Rd5 f6 27. b3 Nb6 28. Rd2 f5 29. f4 e4 30. Kd1 a5 31. Bh4 a4 32. Bf6 Nd7 33.
Bg5 axb3 34. axb3 Ra8 35. h4 Ra1+ 36. Ke2 Rb1 37. Rd5 Rb2+ 38. Ke1 Rxb3 39.
Rxf5 Nb6 40. Be7 Re3+ 41. Kf2 Rf3+ 42. Kg2 Kd7 43. Bxc5 Nxc4 44. h5 Ke6 45. Rf8
Ne3+ 46. Bxe3 Rxe3 47. h6 Re2+ 48. Kg3 Re3+ 49. Kg4 Re1 50. f5+ Ke5 51. Re8+
1-0

[Event "3. Torneo Ciudad de Huesca"]
[Site "Huesca ESP"]
[Date "2010.09.19"]
[Round "3.2"]
[White "Horton, Justin"]
[Black "Romon Poves, Raul"]
[Result "0-1"]
[WhiteElo "2103"]
[BlackElo "2280"]
[PlyCount "100"]
[EventDate "2010.09.11"]
[EventType "swiss"]
[EventRounds "6"]
[EventCountry "ESP"]
[Source "lmi"]
[SourceDate "2010.09.11"]

1. d4 Nf6 2. Nf3 g6 3. c4 Bg7 4. g3 O-O 5. Bg2 d6 6. O-O Nbd7 7. Nc3 e5 8. e4
exd4 9. Nxd4 Re8 10. h3 a6 11. Be3 Rb8 12. b3 c5 13. Nde2 b5 14. Qxd6 b4 15.
Na4 Nxe4 16. Bxe4 Rxe4 17. Rad1 Qa5 18. Nf4 Bf8 19. Qd3 Re8 20. Nd5 Bg7 21. Bf4
Ne5 22. Rfe1 Bxh3 23. Bxe5 Bxe5 24. Rxe5 Rxe5 25. Nf6+ Kg7 26. Qd6 Qd8 27. Qxd8
Rxd8 28. Rxd8 Kxf6 29. Rd6+ Kg7 30. Rxa6 Bf5 31. f4 Re2 32. Nxc5 Bh3 33. Nd3
Rg2+ 34. Kh1 Rxg3 35. Nxb4 h5 36. Nd5 h4 37. Rd6 Bf5 38. Kh2 Rd3 39. c5 Rd2+
40. Kg1 h3 41. Nf6 Rxa2 42. c6 Rb2 43. c7 Rc2 44. b4 Kh6 45. Ng8+ Kh5 46. Nf6+
Kh4 47. Rd8 Rxc7 48. Kf2 Rc2+ 49. Kf3 Rc8 50. Rxc8 Bxc8 0-1

[Event "3. Torneo Ciudad de Huesca"]
[Site "Huesca ESP"]
[Date "2010.09.19"]
[Round "3.3"]
[White "Belenguer Randet, Jesus"]
[Black "Gonzalez Gambau, Jorge"]
[Result "0-1"]
[WhiteElo "1770"]
[BlackElo "2068"]
[PlyCount "138"]
[EventDate "2010.09.11"]
[EventType "swiss"]
[EventRounds "6"]
[EventCountry "ESP"]
[Source "lmi"]
[SourceDate "2010.09.11"]

1. c4 c6 2. e4 d5 3. cxd5 cxd5 4. exd5 Nf6 5. Nc3 Nxd5 6. g3 Nc6 7. a3 e5 8.
Bg2 Be6 9. Nge2 Bc5 10. O-O O-O 11. b4 Nxc3 12. Nxc3 Bb6 13. Bb2 Bc4 14. Ne2
Qd3 15. Nc1 Qd7 16. d3 Bd5 17. Qe2 f6 18. Bxd5+ Qxd5 19. Qe4 Rfd8 20. Qc4 Rac8
21. Nb3 Nd4 22. Qxd5+ Rxd5 23. Bxd4 Bxd4 24. Nxd4 Rxd4 25. Rfc1 Rxc1+ 26. Rxc1
Rxd3 27. Rc7 Rxa3 28. Rxb7 h5 29. h4 Kh7 30. Kg2 Kh6 31. b5 g5 32. hxg5+ Kxg5
33. b6 axb6 34. Rxb6 e4 35. Re6 f5 36. Re8 Ra2 37. Rg8+ Kf6 38. Re8 Ra6 39. Rh8
Kg5 40. Rg8+ Rg6 41. Re8 h4 42. gxh4+ Kxh4+ 43. Kf1 Kg4 44. Ke2 Ra6 45. Rg8+
Kf4 46. Rg3 Ra2+ 47. Ke1 Rb2 48. Kf1 Rd2 49. Re3 Ke5 50. Ra3 f4 51. Ke1 Rd5 52.
Ra8 Rb5 53. Rd8 Rb1+ 54. Ke2 Rb2+ 55. Ke1 Rb1+ 56. Kd2 Rb5 57. Rh8 Rd5+ 58. Ke2
Kd4 59. Ra8 f3+ 60. Ke1 Rc5 61. Ra3 Rc3 62. Ra2 e3 63. fxe3+ Kxe3 64. Ra1 Rc2
65. Ra3+ Kf4 66. Ra8 Kg3 67. Rg8+ Kh2 68. Rh8+ Kg1 69. Rg8+ Rg2 0-1

[Event "3. Torneo Ciudad de Huesca"]
[Site "Huesca ESP"]
[Date "2010.09.19"]
[Round "3.4"]
[White "Maza Broto, Pablo"]
[Black "Salas Calvo, Alberto"]
[Result "1-0"]
[WhiteElo "2047"]
[BlackElo "1757"]
[PlyCount "57"]
[EventDate "2010.09.11"]
[EventType "swiss"]
[EventRounds "6"]
[EventCountry "ESP"]
[Source "lmi"]
[SourceDate "2010.09.11"]

1. Nf3 d6 2. g3 e5 3. Bg2 f5 4. d3 Nf6 5. O-O Be7 6. c3 O-O 7. Re1 Qe8 8. e4 f4
9. d4 Qh5 10. gxf4 Bh3 11. Bxh3 Qxh3 12. Ng5 Qh4 13. Qf3 Ng4 14. Nh3 exf4 15.
Bxf4 g5 16. Qg2 gxf4 17. Nd2 Kh8 18. Nf3 Qh5 19. Kh1 Nd7 20. Rg1 Rg8 21. Nxf4
Qh6 22. Nd5 Ngf6 23. Ng5 Qf8 24. Qh3 Rc8 25. e5 Rxg5 26. Rxg5 Nxd5 27. Rh5 Nf4
28. Rxh7+ Kg8 29. Rg1+ 1-0

[Event "3. Torneo Ciudad de Huesca"]
[Site "Huesca ESP"]
[Date "2010.09.19"]
[Round "4.1"]
[White "Romon Poves, Raul"]
[Black "Fontana Sotomayor, Luis Javier"]
[Result "0-1"]
[WhiteElo "2280"]
[BlackElo "2364"]
[PlyCount "54"]
[EventDate "2010.09.11"]
[EventType "swiss"]
[EventRounds "6"]
[EventCountry "ESP"]
[Source "lmi"]
[SourceDate "2010.09.11"]

1. e4 d6 2. d4 Nf6 3. Nc3 e5 4. Nf3 Nbd7 5. Bc4 Be7 6. O-O O-O 7. a4 a5 8. Qe2
c6 9. Rd1 Qc7 10. Nh4 exd4 11. Rxd4 Nc5 12. b3 Nfd7 13. Nf5 Bf6 14. Qd2 Bxd4
15. Qxd4 Ne5 16. f4 Bxf5 17. fxe5 Ne6 18. Qd3 d5 19. exf5 dxc4 20. Qe3 Rfe8 21.
Bb2 Nf8 22. e6 Nxe6 23. Ne4 Qf4 24. Qc3 Qxf5 25. Qxc4 Rad8 26. Rf1 Qd5 27. Qe2
Nd4 0-1

[Event "3. Torneo Ciudad de Huesca"]
[Site "Huesca ESP"]
[Date "2010.09.19"]
[Round "4.2"]
[White "Lana Rodriguez, David"]
[Black "Salamero Pelay, Fernando J"]
[Result "1-0"]
[WhiteElo "2230"]
[BlackElo "2135"]
[PlyCount "127"]
[EventDate "2010.09.11"]
[EventType "swiss"]
[EventRounds "6"]
[EventCountry "ESP"]
[Source "lmi"]
[SourceDate "2010.09.11"]

1. d4 Nf6 2. Nc3 d5 3. Bg5 Ne4 4. Nxe4 dxe4 5. Qd2 Qd5 6. Bf4 c5 7. e3 cxd4 8.
exd4 Nc6 9. Be3 e5 10. Ne2 Bb4 11. c3 Bd6 12. dxe5 Qxd2+ 13. Bxd2 Bxe5 14. Bf4
O-O 15. Bxe5 Nxe5 16. Nd4 b6 17. Be2 Bb7 18. O-O Rfe8 19. Rad1 Rad8 20. Rfe1 g6
21. Nb5 Nd3 22. Bxd3 exd3 23. Rxe8+ Rxe8 24. Nd6 Re7 25. Nxb7 Re2 26. g3 Rxb2
27. Rxd3 Rxa2 28. Rd7 a5 29. Nd6 Rc2 30. c4 f6 31. Rb7 a4 32. Ra7 Ra2 33. Ne8
f5 34. Nf6+ Kf8 35. Nd7+ Ke8 36. Nxb6 a3 37. Nd5 Ra1+ 38. Kg2 a2 39. Nb4 Rc1
40. Nxa2 Rxc4 41. Rxh7 g5 42. h4 gxh4 43. Rxh4 Rc5 44. Nb4 Ke7 45. Nd3 Rc3 46.
Nf4 Kf7 47. Rh7+ Kg8 48. Rh5 Rc5 49. g4 Rc4 50. Rxf5 Rc3 51. f3 Kg7 52. Rg5+
Kf7 53. Rf5+ Kg7 54. Kg3 Rc1 55. Kh4 Ra1 56. Kg5 Ra6 57. Nh5+ Kg8 58. Rf6 Ra7
59. Kg6 Rb7 60. Re6 Rb8 61. Nf6+ Kh8 62. Re7 Rg8+ 63. Nxg8 Kxg8 64. Re8# 1-0

[Event "3. Torneo Ciudad de Huesca"]
[Site "Huesca ESP"]
[Date "2010.09.19"]
[Round "4.3"]
[White "Cerrajeria Ruiz, Jesus Maria"]
[Black "Mancho Fondevila, Jorge"]
[Result "0-1"]
[WhiteElo "2161"]
[BlackElo "1807"]
[PlyCount "94"]
[EventDate "2010.09.11"]
[EventType "swiss"]
[EventRounds "6"]
[EventCountry "ESP"]
[Source "lmi"]
[SourceDate "2010.09.11"]

1. g3 d6 2. Bg2 Nf6 3. Nf3 e5 4. c4 Be7 5. Nc3 Nbd7 6. O-O O-O 7. d3 c6 8. Bg5
h6 9. Bxf6 Nxf6 10. c5 Re8 11. cxd6 Bxd6 12. Nd2 Bc7 13. Qb3 Rb8 14. Rfc1 Be6
15. Qa3 Bb6 16. Na4 Bxf2+ 17. Kxf2 Qd4+ 18. Ke1 Ng4 19. Qc5 Qxa4 20. h3 Nf6 21.
Nc4 Nd7 22. Qd6 Bxc4 23. Rxc4 Qa5+ 24. b4 Qd8 25. b5 Qa5+ 26. Kf1 cxb5 27. Rc7
Nf6 28. Bxb7 Rbd8 29. Qc5 e4 30. d4 Qd2 31. d5 Nxd5 32. Bxd5 Rxd5 33. Qf2 Rf8
34. Rxa7 g6 35. Kg2 Rf5 36. Qe1 Qd4 37. Re7 e3 38. Rd1 Qc5 39. Re4 Qc6 40. Rdd4
Re5 41. Qb4 Rfe8 42. Kf3 f5 43. Qb3+ Kg7 44. Rd7+ Qxd7 45. Rxe5 Rxe5 46. Qc3
Qd5+ 47. Kf4 Qe4# 0-1

[Event "3. Torneo Ciudad de Huesca"]
[Site "Huesca ESP"]
[Date "2010.09.19"]
[Round "4.4"]
[White "Perez Puyal, Jose Joaquin"]
[Black "Accattato Martin, Mario"]
[Result "0-1"]
[WhiteElo "1955"]
[BlackElo "2135"]
[PlyCount "76"]
[EventDate "2010.09.11"]
[EventType "swiss"]
[EventRounds "6"]
[EventCountry "ESP"]
[Source "lmi"]
[SourceDate "2010.09.11"]

1. e4 d6 2. d4 Nf6 3. Nc3 e5 4. dxe5 dxe5 5. Qxd8+ Kxd8 6. Bg5 Be6 7. f4 exf4
8. Nge2 h6 9. Bxf6+ gxf6 10. Nxf4 c6 11. O-O-O+ Ke7 12. Nxe6 fxe6 13. g3 Nd7
14. Bg2 h5 15. Ne2 h4 16. Nf4 Bh6 17. Kb1 Bxf4 18. gxf4 Rag8 19. Rhg1 Rg7 20.
Bf3 Rhg8 21. Rxg7+ Rxg7 22. b3 e5 23. f5 Nf8 24. Kb2 Nh7 25. Bh1 Rg4 26. Re1
Ng5 27. Kc3 Rf4 28. Kd3 Rf2 29. Re2 Rf1 30. Bg2 Ra1 31. Rf2 Rxa2 32. Bf1 a5 33.
Ke3 a4 34. bxa4 Rxa4 35. c4 Ra3+ 36. Bd3 Nh3 37. Rb2 Nf4 38. Rxb7+ Kd8 0-1

[Event "3. Torneo Ciudad de Huesca"]
[Site "Huesca ESP"]
[Date "2010.09.19"]
[Round "4.5"]
[White "Bellosta Lopez, Pablo"]
[Black "Horton, Justin"]
[Result "1-0"]
[WhiteElo "1943"]
[BlackElo "2103"]
[PlyCount "73"]
[EventDate "2010.09.11"]
[EventType "swiss"]
[EventRounds "6"]
[EventCountry "ESP"]
[Source "lmi"]
[SourceDate "2010.09.11"]

1. e4 e5 2. Bc4 Nf6 3. d3 Nc6 4. Nc3 Na5 5. Nf3 Nxc4 6. dxc4 d6 7. Qd3 Be7 8.
h3 O-O 9. Be3 b6 10. O-O-O Bb7 11. g4 Re8 12. Nh2 Bf8 13. Bg5 Be7 14. f3 Nd7
15. Be3 Nc5 16. Qd2 Ne6 17. Nf1 a6 18. Kb1 c6 19. Ng3 g6 20. h4 Nd4 21. Bxd4
exd4 22. Qxd4 Bf6 23. Qd2 b5 24. h5 bxc4 25. hxg6 fxg6 26. Qxd6 Bxc3 27. Qxd8
Raxd8 28. bxc3 Rb8 29. Kc1 Bc8 30. Rhe1 Rf8 31. Re3 Rb7 32. e5 Be6 33. Ne4 Rfb8
34. Rd6 Rb1+ 35. Kd2 Rh1 36. Rxe6 Rbb1 37. Re2 1-0

[Event "3. Torneo Ciudad de Huesca"]
[Site "Huesca ESP"]
[Date "2010.09.25"]
[Round "5.1"]
[White "Fontana Sotomayor, Luis Javier"]
[Black "Lana Rodriguez, David"]
[Result "1-0"]
[WhiteElo "2364"]
[BlackElo "2230"]
[PlyCount "83"]
[EventDate "2010.09.11"]
[EventType "swiss"]
[EventRounds "6"]
[EventCountry "ESP"]
[Source "lmi"]
[SourceDate "2010.09.11"]

1. e4 e5 2. Nf3 Nc6 3. Bb5 a6 4. Bxc6 dxc6 5. Nc3 f6 6. d4 exd4 7. Nxd4 c5 8.
Nde2 Qxd1+ 9. Nxd1 Bd7 10. Bf4 O-O-O 11. Ne3 Ne7 12. h4 Bc6 13. f3 h5 14. Kf2
g6 15. Rad1 Bg7 16. b3 Bd7 17. c4 Be6 18. Nd5 Rd7 19. Rd2 Nc6 20. Rhd1 Rhd8 21.
Bxc7 Rxc7 22. Nb6+ Kb8 23. Rxd8+ Nxd8 24. Rxd8+ Ka7 25. Nf4 Rc6 26. Nxe6 Rxe6
27. Nc8+ Kb8 28. Rg8 Bh6 29. Ne7+ Ka7 30. Rxg6 Bc1 31. Nd5 Bb2 32. Rh6 Re5 33.
Nxf6 Re6 34. Ng4 Re8 35. Rxh5 b5 36. Ne3 Rd8 37. Rh7+ Kb6 38. Nd5+ Ka5 39. cxb5
Kxb5 40. Rb7+ Ka5 41. Ke2 Be5 42. Ne3 1-0

[Event "3. Torneo Ciudad de Huesca"]
[Site "Huesca ESP"]
[Date "2010.09.25"]
[Round "5.2"]
[White "Mancho Fondevila, Jorge"]
[Black "Romon Poves, Raul"]
[Result "0-1"]
[WhiteElo "1807"]
[BlackElo "2280"]
[PlyCount "80"]
[EventDate "2010.09.11"]
[EventType "swiss"]
[EventRounds "6"]
[EventCountry "ESP"]
[Source "lmi"]
[SourceDate "2010.09.11"]

1. d4 Nf6 2. Nf3 g6 3. Bg5 Bg7 4. Nbd2 O-O 5. e4 d6 6. Be2 Nbd7 7. O-O e5 8.
dxe5 dxe5 9. c3 b6 10. Re1 Bb7 11. Qc2 h6 12. Bh4 Qe8 13. Bf1 Nh5 14. Nc4 f5
15. exf5 gxf5 16. Nfd2 Kh8 17. f3 Qg6 18. Bf2 Rg8 19. g3 e4 20. fxe4 f4 21. Qd3
Rad8 22. Nf3 fxg3 23. hxg3 Nc5 24. Nh4 Qg5 25. Qe3 Nxe4 26. Qxg5 hxg5 27. Nf5
Nxf2 28. Nxg7 Rxg7 29. Kxf2 Rf8+ 30. Kg1 Nxg3 31. Bg2 Bxg2 32. Kxg2 Nf5 33. Ne5
Kg8 34. Rad1 Re8 35. Ng4 Rf8 36. Rd5 Nh4+ 37. Kg3 Rf3+ 38. Kh2 Rf4 39. Ne5 Re7
40. Rd8+ Kg7 0-1

[Event "3. Torneo Ciudad de Huesca"]
[Site "Huesca ESP"]
[Date "2010.09.25"]
[Round "5.3"]
[White "Accattato Martin, Mario"]
[Black "Bellosta Lopez, Pablo"]
[Result "0-1"]
[WhiteElo "2135"]
[BlackElo "1943"]
[PlyCount "42"]
[EventDate "2010.09.11"]
[EventType "swiss"]
[EventRounds "6"]
[EventCountry "ESP"]
[Source "lmi"]
[SourceDate "2010.09.11"]

1. e4 c5 2. Nf3 d6 3. d4 Nf6 4. Nc3 cxd4 5. Qxd4 e5 6. Bb5+ Nbd7 7. Qd3 h6 8.
Bd2 Be7 9. O-O-O O-O 10. Bxd7 Bxd7 11. h3 b5 12. g4 b4 13. Ne2 Qb6 14. g5 Bb5
15. Qb3 Nxe4 16. gxh6 Bxe2 17. Rdg1 Qxf2 18. Rxg7+ Kh8 19. Rxf7 Bxf3 20. Be3
Qxe3+ 21. Qxe3 Bg5 0-1

[Event "3. Torneo Ciudad de Huesca"]
[Site "Huesca ESP"]
[Date "2010.09.25"]
[Round "5.4"]
[White "Maza Broto, Pablo"]
[Black "Gonzalez Gambau, Jorge"]
[Result "1-0"]
[WhiteElo "2047"]
[BlackElo "2068"]
[PlyCount "75"]
[EventDate "2010.09.11"]
[EventType "swiss"]
[EventRounds "6"]
[EventCountry "ESP"]
[Source "lmi"]
[SourceDate "2010.09.11"]

1. d4 d5 2. Nf3 Nf6 3. c4 c6 4. g3 dxc4 5. Bg2 Nbd7 6. O-O e6 7. Qc2 Be7 8.
Qxc4 O-O 9. Nc3 c5 10. dxc5 Bxc5 11. b4 Be7 12. Rd1 Nb6 13. Qb3 Qe8 14. a4 Nbd5
15. Nxd5 Nxd5 16. b5 Bf6 17. Bb2 Bxb2 18. Qxb2 Qe7 19. e4 Nf6 20. e5 Nd5 21.
Ne1 b6 22. Bxd5 exd5 23. Rxd5 Bb7 24. Rd6 Rfe8 25. f4 Rad8 26. Rad1 Rxd6 27.
Rxd6 Rd8 28. Qd2 Rxd6 29. exd6 Qd7 30. Nc2 h5 31. Ne3 h4 32. g4 Ba8 33. Kf2 h3
34. Kg3 Qb7 35. d7 Qf3+ 36. Kh4 g5+ 37. Kxg5 f6+ 38. Kh4 1-0

[Event "3. Torneo Ciudad de Huesca"]
[Site "Huesca ESP"]
[Date "2010.09.25"]
[Round "5.5"]
[White "Salamero Pelay, Fernando J"]
[Black "Yañez Acin, Gonzalo"]
[Result "1-0"]
[WhiteElo "2135"]
[BlackElo "1872"]
[PlyCount "45"]
[EventDate "2010.09.11"]
[EventType "swiss"]
[EventRounds "6"]
[EventCountry "ESP"]
[Source "lmi"]
[SourceDate "2010.09.11"]

1. e4 e5 2. Nf3 Nc6 3. Bb5 Nd4 4. Nxd4 exd4 5. O-O c6 6. Ba4 Nf6 7. d3 d6 8. c3
dxc3 9. Nxc3 Be7 10. d4 O-O 11. h3 b5 12. Bc2 Bb7 13. Qd3 b4 14. Ne2 a5 15. Re1
Ba6 16. Qf3 Bc4 17. Ng3 Re8 18. e5 Bd5 19. Qd3 g6 20. exf6 Bxf6 21. Bf4 Qd7 22.
a3 h5 23. Nxh5 1-0